书目信息 |
| 书名: | Norton anthology of western music | |
| 作者: | edited by Claude V. Palisca. | |
| 分册号: | ||
| 分册名: | 出版地: | New York : |
|
| 出版社: | W.W. Norton | |
| 出版时间: | c2001. | |
| 页数: | 2 v. : | |
| 开本: | 26 cm. | |
| 丛书名: | ||
| 中图分类号: | ||
| 科图分类号: | ||
| 其他分类号: | J651 | |
| 主题词: | ||
| 电子资源: | ||
| 000 | 01225nam a2200385 a 4500 | |
| 001 | E0735126643 | |
| 003 | CAL | |
| 005 | 20070708094604.09 | |
| 008 | 011115s2001 nyug 001 0 eng | |
| 010 | @a 2001545308 | |
| 020 | @a0393976904 (v. 1). | |
| 020 | @a0393976912 (v. 2). | |
| 035 | @afdu09093486 | |
| 040 | @aDLC@cDLC | |
| 050 | 00 | @aMT91@b.N67 2001 |
| 090 | @aJ651 | |
| 093 | @aJ651@24 | |
| 099 | @dJ651@ex59:2=4 | |
| 245 | 00 | @aNorton anthology of western music / @cedited by Claude V. Palisca. |
| 250 | @a4th ed. | |
| 260 | @aNew York :@bW.W. Norton,@cc2001. | |
| 300 | @a2 v. :@bmusic ;@c26 cm. | |
| 500 | @aCompanion volumes to: A history of western music / Donald J. Grout, Claude V. Palisca. 6th ed. New York : Norton, 2001. | |
| 500 | @aIncludes indexes. | |
| 500 | @aVocal and instrumental music. | |
| 505 | 0 | @av. 1. Ancient to Baroque -- v. 2. Classic to Modern. |
| 650 | 0 | @aMusic appreciation@vMusic collections. |
| 650 | 0 | @aMusical analysis@vMusic collections. |
| 700 | 1 | @aGrout, Donald Jay.@tHistory of western music.@f2001. |
| 700 | 1 | @aPalisca, Claude V. |
| 920 | @a212020@z2 | |
| 920 | @a231010@z2 | |
| 920 | @a235010@z2 | |
| 920 | @a242250@z2 | |
| 998 | @aFDU | |
| Norton anthology of western music / / edited by Claude V. Palisca.-4th ed.-New York : : W.W. Norton, , c2001. |
| 2 v. : : music ; ; 26 cm. |
| Companion volumes to: A history of western music / Donald J. Grout, Claude V. Palisca. 6th ed. New York : Norton, 2001.-Includes indexes.-Vocal and instrumental music.-v. 1. Ancient to Baroque -- v. 2. Classic to Modern. |
| ISBN 0393976904 (v. 1). |
| ● |
| 相关链接 |
|
|
|
|
正题名:Norton anthology of western music
索取号:J651/x59:2=4
 
预约/预借
| 序号 | 登录号 | 条形码 | 馆藏地/架位号 | 状态 | 备注 |
| 1 | 0011571 | 300115710 | 第二样本阅览室/ [索取号:J651/x59:2=4] | 在馆 |